000 01078 a2200205 4500
003 Nust
005 20230404115914.0
010 _a59013935
040 _cNust
082 _a629.8323,LAU
100 _aLauer, Henri
_944479
245 _aServomechanism fundamentals /
_cHenri Lauer, Robert N. Lesnick [and] Leslie E. Matson
250 _a2nd ed
260 _aNew York,
_bMcGraw-Hill,
_c1960
300 _a491 p
_billus
_c24 cm
505 _aElementary Forms Of Control Sys (Page-1), Servo Sys Follow-Up-Links (Page-23), Fundamentals Of Mechanics And Electricity (Page-45), Servomechanisms With Viscous (Page-78), Servomechanisms With Error Rate Damping (Page-139), Servomechanisms With Combined Viscous (Page-160), Error Rate Stabilization Networks (Page-173), Servomechanisms With Integral Control (Page-200), Transfer Function Analysis (Page-239), Servomechanisms Performance As Show (Page-297), Non Linear Servo Sys (Page-349), Servo Design Considerations (Page-431).
600 _aLauer, Henri
_944479
650 _aServomechanism fundamentals
_9111720
942 _2ddc
_cBK
999 _c183979
_d183979